000 00652cam a2200193 i 4500
999 _c57692
_d57692
001 20366898
005 20221107162630.0
008 180222s2019 nyua b 001 0 eng
020 _a9781260091991x
041 _aeng
080 _a519.854 R-79
100 1 _aRosen, Kenneth H.,
_99469
245 1 0 _aDiscrete mathematics and its applications /
_cKenneth H. Rosen, Monmouth University, and formerly AT&T Laboratories.
250 _aEighth edition.
264 1 _aNew York, NY :
_bMcGraw-Hill,
_c[2019].
300 _a942 pages :
_billustrations ;
_c27 cm.
653 _aდისკრეტული მათემატიკა
942 _2udc
_cBK